| 000 | 00670nam a2200217Ia 4500 | ||
|---|---|---|---|
| 005 | 20250508165438.0 | ||
| 008 | 008 250505s9999 xx 000 0 eng d | ||
| 020 | _a978-1-4522-3480-9 | ||
| 037 | _aTextual | ||
| 040 |
_aFEDL _beng _cFEDL |
||
| 041 |
_aeng _2eng |
||
| 084 |
_a001.64, ASH _qFEDL |
||
| 100 |
_aAshraf Rariq Ed. _9780880 |
||
| 245 | 0 | _aFrom brick to click: Transforming libraries into social spaces | |
| 260 |
_aNew Delhi, India _bSynergy Books India _c2014 |
||
| 300 | _axiv, 491p. | ||
| 365 |
_aINR _b1200 |
||
| 700 |
_a Jain P K Ed. Srahram S R and others Ed. _9780881 |
||
| 942 |
_cTEXL _h001.64, ASH |
||
| 999 |
_c1395129 _d1395129 |
||